| 000 -LEADER |
| fixed length control field |
00470nam a22001697a 4500 |
| 008 - FIXED-LENGTH DATA ELEMENTS--GENERAL INFORMATION |
| fixed length control field |
150923b xxu||||| |||| 00| 0 eng d |
| 020 ## - INTERNATIONAL STANDARD BOOK NUMBER |
| International Standard Book Number |
0536862567 |
| 041 0# - LANGUAGE CODE |
| Language code of text/sound track or separate title |
eng |
| 080 ## - UNIVERSAL DECIMAL CLASSIFICATION NUMBER |
| Universal Decimal Classification number |
658.15 |
| 245 ## - TITLE STATEMENT |
| Title |
Management accounting / |
| Statement of responsibility, etc |
Anthony A. Atkinson, Robert S. Kaplan; Mark Young; |
| 250 ## - |
| -- |
A custom edition. |
| 260 ## - |
| -- |
New Jersey: |
| -- |
Pearson; |
| -- |
2005. |
| 300 ## - |
| -- |
598 f.: |
| -- |
me il.; |
| -- |
24 cm. |
| 650 #0 - |
| -- |
Kontabilitet |
| 650 #0 - |
| -- |
Menaxherial |
| 942 ## - ADDED ENTRY ELEMENTS (KOHA) |
| Source of classification or shelving scheme |
|
| Item type |
Books |